000 00751nam a2200265 i 4500
001 C2-0340950
003 PPAK
005 20180728142744.0
008 170213s2003 enka|||| ||||| | eng d
020 _a1861529058
040 _aPPAK
_beng
_cPPAK
_erda
082 0 4 _a658.1511
_223
090 0 0 _a658.1511
_bDRU
_dR
100 1 _aDrury, Colin,
_eauthor
245 1 0 _aCost and management accounting
250 _aFifth edition
264 1 _aLondon :
_bThomson Learning ,
_c2003
300 _axix, 552 pages :
_billustrations ;
_c26 cm
336 _2rdacontent
_atext
337 _2rdamedia
_aunmediated
338 _2rdacarrier
_avolume
500 _aIncludes indexes
650 1 0 _aManagerial accounting. ; Cost accounting.
942 _ddc
_cB
999 _c138073
_d138073